| 000 | 00489nam a2200157Ia 4500 | ||
|---|---|---|---|
| 008 | 180925s9999 xx 000 0 und d | ||
| 020 | _a9788131234587 | ||
| 100 | _aShah, Biren N. | ||
| 245 |
_cBiren N. Shah, A.K. Seth.-- _aTextbook of pharmacognosy and phytochemistry / |
||
| 250 | _a2nd ed | ||
| 260 |
_aUSA : _bElsevier _c2014 |
||
| 300 | _axxii, 614 pages. | ||
| 500 | _aInlcudes bibliographical reference and indexes. | ||
| 650 | _aBotanical chemistry. | ||
| 650 | _aPharmacognosy. | ||
| 999 |
_c358866 _d358866 |
||